00530nam a2200181Ia 450000500170000000800410001702000150005808200130007310000140008624500490010026000240014930000170017365000160019065000240020694200060023095200970023699900150033320240604070626.0240331s9999 xx 000 0 und d a0855981024 bHURa362 aHurley, D 0aIncome generation schemes for the urban poor aOxfordbOxfamc1990 aviii,136 p., aUrban Poor  aSustainable Economy cL 001040708LaWERCLbWERCLcSSCd2024-03-31l0o 362.5 HURp3958r2024-03-31w2024-03-31yL c2904d2904